000 00696nam a2200205Ia 4500
003 GCL
008 140319s9999 xx 000 0 ara d
040 _aGCL /
_cGCL
082 0 4 _a811.082
_bم ب
100 1 _aمحمد رمضان
245 1 0 _aباش اغا /
_cمحمد رمضان
260 _aالقاهرة :
_bالهيئة العامة لقصور الثقافة ،
_c2000
300 _a206 ص ؛
_c10 سم
490 _aابداعات
_v100
650 0 4 _aالشعر العربى
650 0 4 _aالشعر
650 0 4 _aالشعر العربى - العصر الحديث
650 0 4 _aالشعر العربى - مصر - تاريخ ونقد - العصر الحديث
942 _2ddc
_cBK
999 _c39729
_d39729